000 00435cam a22001575a 4500
020 _a0500238235 (hbk.)
040 _cUKM
082 0 4 _a709 THA 2005 A085 Or.
100 1 _aMcArthur, Meher.
245 1 4 _aThe arts of Asia :
_bmaterials, techniques, styles /
260 _aLondon :
_bThames & Hudson,
_c2005.
300 _a256 p. :
_bill. (some col.) ;
_c27 cm.
650 0 _aArt, Asian.
650 0 _aArtists' materials
942 _cEK
999 _c13827
_d13827